000 00813nam a2200265Ia 4500
003 OSt
005 20220930074931.0
006 a|||||r|||| 00| 0
007 ta
008 220926b |||||||| |||| 00| 0 hin d
024 _a75949
037 _cTheses
040 _aCRL
_cCRL
_bhin
041 _2hin
_ahin
100 _aNaval Harish Kumar
_9535109
110 _aUniversity of Delhi. Faculty of Arts. Department of Hindi
245 0 _aRangmanch ke sandharbh mein swayanttrayottar hindi natya prayog
260 _c1979
300 _a367p.
_ap.
_ccm.
650 _aHINDI LITERATURE
_923866
700 _a Dr. Mandhaata Ojha Gu.
_9535110
700 _aUniversity of Delhi. Faculty of Arts. Department of Hindi
942 _cDIS
_2CC
999 _c867326
_d867326